[Event "GER-chT Christmas U16 Steinitz"]
[Site "Playchess.com INT"]
[Date "2020.12.28"]
[Round "1.1"]
[White "Huber, Benedikt"]
[Black "Burgtorf, Benjamin"]
[Result "1-0"]
[WhiteElo "1613"]
[BlackElo "1773"]
[PlyCount "103"]
[EventDate "2020.12.28"]
[EventType "team-swiss (blitz)"]
[EventRounds "7"]
[EventCountry "GER"]
[SourceTitle "CBM 200 Extra"]
[Source "ChessBase"]
[SourceDate "2021.03.31"]
[SourceVersion "1"]
[SourceVersionDate "2021.03.31"]
[SourceQuality "1"]
[WhiteTeam "Kelheim II"]
[BlackTeam "Blankenese"]
[WhiteTeamCountry "GER"]
[BlackTeamCountry "GER"]

1. e4 c6 2. d4 d5 3. exd5 cxd5 4. Bd3 Nc6 5. c3 Nf6 6. Bf4 Bg4 7. Qb3 Qd7 8. Nd2 e6 9. Ngf3 Bd6 10. Bxd6 Qxd6 11. Qxb7 Rb8 12. Qa6 Rb6 13. Qc8+ Nd8 14. Rb1 0-0 15. Qc5 Nb7 16. Qxd6 Nxd6 17. 0-0 a5 18. h3 Bh5 19. g4 Bg6 20. Bxg6 hxg6 21. Nb3 Rfb8 22. Nxa5 Rxb2 23. Rxb2 Rxb2 24. Ra1 Nfe4 25. a4 Nxc3 26. Nc6 Rb1+ 27. Rxb1 Nxb1 28. a5 Nb5 29. a6 Nc7 30. a7 Na3 31. Nfe5 Nab5 32. Nd7 Na8 33. Kf1 f6 34. Ke2 Kf7 35. Kd3 Ke8 36. Nc5 Nbc7 37. Kc3 Kf7 38. Kb4 e5 39. dxe5 fxe5 40. Nxe5+ Kf6 41. Nc6 Kg5 42. Ka5 Kf4 43. Na6 Ke4 44. Nxc7 Nxc7 45. Kb6 Na8+ 46. Kb7 d4 47. Nxd4 Kxd4 48. Kxa8 Ke4 49. Kb7 Kf3 50. a8Q Kxf2 51. Qa3 Kg2 52. Kc6 1-0

[Event "Blankenese op 3rd"]
[Site "Hamburg"]
[Date "2019.10.06"]
[Round "7"]
[White "Burgtorf, Benjamin"]
[Black "Wennmann, Thorsten"]
[Result "1/2-1/2"]
[WhiteElo "1807"]
[BlackElo "1872"]
[PlyCount "35"]
[EventDate "2019.10.03"]
[EventType "swiss"]
[EventRounds "7"]
[EventCountry "GER"]
[SourceTitle "EXT 2023"]
[Source "ChessBase"]
[SourceDate "2022.10.05"]
[SourceVersion "1"]
[SourceVersionDate "2022.10.05"]
[SourceQuality "1"]

1. Nf3 f5 2. d3 d6 3. e4 e5 4. Nc3 Nf6 5. exf5 Bxf5 6. d4 e4 7. Nh4 Bd7 8. g3 d5 9. Ng2 Bb4 10. Nf4 c6 11. h3 Qe7 12. Bg2 0-0 13. 0-0 Na6 14. a3 Bd6 15. b4 Nc7 16. Rb1 a6 17. Na4 Ne6 18. Nxe6 1/2-1/2

[Event "Blankenese op 3rd"]
[Site "Hamburg"]
[Date "2019.10.04"]
[Round "3"]
[White "Rosin, Thomas"]
[Black "Burgtorf, Benjamin"]
[Result "1-0"]
[WhiteElo "1959"]
[BlackElo "1807"]
[PlyCount "105"]
[EventDate "2019.10.03"]
[EventType "swiss"]
[EventRounds "7"]
[EventCountry "GER"]
[SourceTitle "EXT 2023"]
[Source "ChessBase"]
[SourceDate "2022.10.05"]
[SourceVersion "1"]
[SourceVersionDate "2022.10.05"]
[SourceQuality "1"]

1. d4 Nf6 2. Nf3 d5 3. e3 Bf5 4. Bd3 Bxd3 5. Qxd3 c6 6. b3 e6 7. Bb2 Bd6 8. Nbd2 Nbd7 9. 0-0 0-0 10. Ne5 Qc7 11. f4 c5 12. c4 Rac8 13. a3 Bxe5 14. dxe5 dxc4 15. Nxc4 Ne8 16. Rfd1 Nb6 17. Nd6 Rd8 18. e4 Rd7 19. Rac1 c4 20. bxc4 Nxd6 21. exd6 Qc5+ 22. Qd4 Qxd4+ 23. Bxd4 Nxc4 24. Rxc4 Rxd6 25. Rdc1 b5 26. Be5 Ra6 27. Rc8 f6 28. Rxf8+ Kxf8 29. Bc3 Ra4 30. Bb4+ Ke8 31. Kf2 a5 32. Bc5 Rxe4 33. Kf3 Ra4 34. Rb1 Kd7 35. Bf8 Ke8 36. Bc5 Kd7 37. Rb3 g5 38. fxg5 fxg5 39. Be3 g4+ 40. Kg3 Kc6 41. Kh4 Rc4 42. Bf2 Rc2 43. Kg3 h5 44. Be1 Kb6 45. Re3 h4+ 46. Kxh4 Rxg2 47. Rxe6+ Kc5 48. Bg3 Rd2 49. Ra6 Kc4 50. Rxa5 Rd4 51. Kg5 Rd8 52. Kxg4 Kc5 53. a4 1-0